On the Legacy of Lutheranism in Finland : Societal Perspectives (Record no. 50685)
[ view plain ]
| 000 -LEADER | |
|---|---|
| fixed length control field | 02185nam a2200277Ia 4500 |
| 000 - LEADER | |
| fixed length control field | 03184naaa 00505uu |
| 001 - CONTROL NUMBER | |
| control field | https://directory.doabooks.org/handle/20.500.12854/34266 |
| 008 - FIXED-LENGTH DATA ELEMENTS--GENERAL INFORMATION | |
| fixed length control field | 211013s9999 xx 000 0 und d |
| 020 ## - INTERNATIONAL STANDARD BOOK NUMBER | |
| International Standard Book Number | 9789518581355 |
| 024 ## - OTHER STANDARD IDENTIFIER | |
| Standard number or code | 10.21435/sfh.25 |
| 042 ## - AUTHENTICATION CODE | |
| Authentication code | dc |
| 245 #0 - TITLE STATEMENT | |
| Title | On the Legacy of Lutheranism in Finland : Societal Perspectives |
| 260 ## - PUBLICATION, DISTRIBUTION, ETC. | |
| Place of publication, distribution, etc. | Helsinki |
| Name of publisher, distributor, etc. | Finnish Literature Society / SKS |
| Date of publication, distribution, etc. | 2019 |
| 300 ## - PHYSICAL DESCRIPTION | |
| Extent | 1 electronic resource (353 p.) |
| 520 ## - SUMMARY, ETC. | |
| Summary, etc. | This volume analyses the societal legacy of Lutheranism in Finland in broad terms. It contributes to the recent renewed interest in the history of religion in Finland and the Nordic countries by bringing together researchers in history, political science, economics, social psychology, education, linguistics, media studies, and theology to examine the mutual relationship between Lutheranism and society in Finland. The two main foci are (i) the historical effects of the Reformation and its aftermath on societal structures and on national identity, values, linguistic culture, education, and the economy, and (ii) the adaptation of the church 's 2013; and its theology 's 2013; to changes in the geo-political and sociocultural context. Important sub-themes include nationalism and religion, the secularization and institutionalization of traditional values, multiple Protestant ethics, and long continuities in history. Overall the book argues that large changes in societies cannot be explained via 's 2018;secular's 2019; factors alone, such as economic development or urbanization, but that factors pertaining to religion provide substantial explanatory power for understanding societal change and the resulting societal structures. |
| 540 ## - TERMS GOVERNING USE AND REPRODUCTION NOTE | |
| Terms governing use and reproduction | Creative Commons |
| 653 ## - INDEX TERM--UNCONTROLLED | |
| Uncontrolled term | Values |
| 700 1# - ADDED ENTRY--PERSONAL NAME | |
| Personal name | Nelson , Robert H. |
| 700 1# - ADDED ENTRY--PERSONAL NAME | |
| Personal name | Portman, Anneli |
| 700 1# - ADDED ENTRY--PERSONAL NAME | |
| Personal name | Sinnemaki, Kaius |
| 700 1# - ADDED ENTRY--PERSONAL NAME | |
| Personal name | Sinnemaki, Kaius |
| 700 1# - ADDED ENTRY--PERSONAL NAME | |
| Personal name | Tilli, Jouni |
| 856 ## - ELECTRONIC LOCATION AND ACCESS | |
| Uniform Resource Identifier | <a href="https://docs.google.com/spreadsheets/d/1yKIrdCPDAG_9c22mwoOIO2DOhtj65Wqa/edit?usp=sharing&ouid=106555315294820607512&rtpof=true&sd=true ">https://docs.google.com/spreadsheets/d/1yKIrdCPDAG_9c22mwoOIO2DOhtj65Wqa/edit?usp=sharing&ouid=106555315294820607512&rtpof=true&sd=true </a> |
| Link text | List of Curated E-Books |
| 942 ## - ADDED ENTRY ELEMENTS (KOHA) | |
| Koha item type | E-Book |
| Withdrawn status | Source of classification or shelving scheme | Damaged status | Not for loan | Home library | Current library | Date acquired | Total Checkouts | Date last seen | Price effective from | Koha item type |
|---|---|---|---|---|---|---|---|---|---|---|
| Library of Congress Classification | Not For Loan | Directory of Open Access Books | Directory of Open Access Books | 12/22/2021 | 12/22/2021 | 12/22/2021 | E-Book |